Musab bin Umair (Record no. 86708)

MARC details
000 -LEADER
fixed length control field 00726nam a2200253 i 4500
001 - CONTROL NUMBER
control field C2-0280139
003 - CONTROL NUMBER IDENTIFIER
control field PPAK
005 - DATE AND TIME OF LATEST TRANSACTION
control field 20180728011151.0
008 - FIXED-LENGTH DATA ELEMENTS--GENERAL INFORMATION
fixed length control field 070618s xx |||| ||||| | ara d
040 ## - CATALOGING SOURCE
Original cataloging agency PPAK
Language of cataloging eng
Transcribing agency PPAK
Description conventions rda
082 04 - DEWEY DECIMAL CLASSIFICATION NUMBER
Classification number 297.64
Edition number 23
090 00 - LOCALLY ASSIGNED LC-TYPE CALL NUMBER (OCLC); LOCAL CALL NUMBER (RLIN)
Classification number (OCLC) (R) ; Classification number, CALL (RLIN) (NR) 297.64
Feature heading ALW
Feature heading K
100 1# - MAIN ENTRY--PERSONAL NAME
Personal name Al-Wahsyi, Asraf Muhammad,
Relator term author
245 10 - TITLE STATEMENT
Title Musab bin Umair
264 #1 - PRODUCTION, PUBLICATION, DISTRIBUTION, MANUFACTURE, AND COPYRIGHT NOTICE
Place of production, publication, distribution, manufacture [place of publication not identified] :
Name of producer, publisher, distributor, manufacturer Darul Fadhilah ,
300 ## - PHYSICAL DESCRIPTION
Extent 31 pages ;
Dimensions 24 cm
336 ## - CONTENT TYPE
Source rdacontent
Content type term text
337 ## - MEDIA TYPE
Source rdamedia
Media type term unmediated
338 ## - CARRIER TYPE
Source rdacarrier
Carrier type term volume
490 1# - SERIES STATEMENT
Series statement Shuhadah Haula Arrasul SAW
650 10 - SUBJECT ADDED ENTRY--TOPICAL TERM
Topical term or geographic name entry element Muhammad, D. 632 - Companions.
830 #0 - SERIES ADDED ENTRY--UNIFORM TITLE
Uniform title Shuhadah Haula Arrasul SAW
942 ## - ADDED ENTRY ELEMENTS (KOHA)
-- dc
Koha item type Book
Holdings
Withdrawn Not for loan Current library Shelving location Date acquired Full call number Barcode Date last seen Koha item type Total Checkouts Date last checked out
    Perpustakaan Alor Setar Pinjaman Kanak-kanak 18/06/2007 K 297.64 ALW A01175661 09/05/2018 Book    
    Perpustakaan Awam Sungai Petani Pinjaman Kanak-kanak 18/06/2007 K 297.64 ALW A01175662 09/05/2018 Book    
    Perpustakaan Baling Pinjaman Kanak-kanak 18/06/2007 K 297.64 ALW A01175665 09/05/2018 Book    
    Perpustakaan Jitra Pinjaman Kanak-kanak 18/06/2007 K 297.64 ALW A01175663 11/02/2026 Book 1 21/01/2026
    Perpustakaan Kulim Pinjaman Kanak-kanak 18/06/2007 K 297.64 ALW A01175664 09/05/2018 Book    
    Perpustakaan Langkawi Pinjaman Kanak-kanak 18/06/2007 K 297.64 ALW A01175666 09/05/2018 Book    
    Perpustakaan Merbok Pinjaman Kanak-kanak 18/06/2007 K 297.64 ALW A01175668 09/05/2018 Book    
    Perpustakaan Yan Pinjaman Kanak-kanak 18/06/2007 K 297.64 ALW A01175669 09/05/2018 Book